Výskum trhu a jeho uplatnenie v priemyselnej praxi : Záverečná práca

Saved in:
Bibliographic Details
Main Author: Šimo, Richard (Author)
Other Authors: Jedlička, Milan, 1947- (xxx)
Format: Manuscript Book
Language:Slovak
Published: Trnava : STU v Bratislave MtF KMK, 1997
Subjects:
Tags: Add Tag
No Tags, Be the first to tag this record!

MARC

LEADER 00000ntm a22000003a 4500
001 stu74497
005 20160719155101.3
008 020301s1997----xo------------------slo-d
040 |a STU  |b slo 
041 0 |a slo 
044 |a xo 
100 1 |a Šimo, Richard  |4 aut 
245 1 |a Výskum trhu a jeho uplatnenie v priemyselnej praxi :  |b Záverečná práca 
260 |a Trnava :  |b STU v Bratislave MtF KMK,  |c 1997 
300 |a 35 s  |c výťah 
650 7 |a Trhy-výskum  |2 stusub 
650 7 |a hospodárstvo podnikové  |2 stusub 
650 7 |a manažment  |2 stusub 
700 1 |a Jedlička, Milan,  |d 1947-  |4 xxx  |u M190  |U MTF Materiálovotechnologická fakulta  |T MTF Katedra priemyselného inžinierstva a manažmentu  |X 1488  |U M190  |Y 167  |7 A000001488 
996 |b 284M041817  |c M*DP-1097  |l MMSKP  |s P  |a 0  |w stu74497_0001